Le livre des snobs / (Record no. 166202)

MARC details
000 -LEADER
campo de control de longitud fija 00765nam a22002055i 4500
001 - NÚMERO DE CONTROL
campo de control 166202
003 - IDENTIFICADOR DE NÚMERO DE CONTROL
campo de control ES-MaACL
005 - FECHA Y HORA DE LA ÚLTIMA TRANSACCIÓN
campo de control 20250702063124.0
008 - DATOS DE LONGITUD FIJA--INFORMACIÓN GENERAL
campo de control de longitud fija 050913s1857 fr | |||||||| ||fre d
040 ## - FUENTE DE CATALOGACIÓN
Centro catalogador/agencia de origen CAM
Lengua de catalogación spa
Centro/agencia transcriptor CAM
100 1# - ENTRADA PRINCIPAL--NOMBRE DE PERSONA
Nombre de persona Thackeray, William Makepeace,
Fechas asociadas al nombre 1811-1863
9 (RLIN) 109858
245 13 - MENCIÓN DEL TÍTULO
Título Le livre des snobs /
Mención de responsabilidad, etc. par W.M. Thackeray ; traduit de l'anglais, avec l'autorisation de l'auteur, par Georges Guiffrey.
260 ## - PUBLICACIÓN, DISTRIBUCIÓN, ETC.
Lugar de publicación, distribución, etc. Paris :
Nombre del editor, distribuidor, etc. Librairie de L. Hachette et C.,
Fecha de publicación, distribución, etc. [s.a.] (
Fabricante Typographie de Ch. Lahure)
300 ## - DESCRIPCIÓN FÍSICA
Extensión 248 p. ;
Dimensiones 19 cm.
596 ## - NOTA AL PIE DE IMPRENTA
NOTA AL PIE DE IMPRENTA La BN-Opale plus lo fecha ca. 1857.
700 1# - ENTRADA AGREGADA--NOMBRE PERSONAL
Nombre de persona Guiffrey, Georges.
9 (RLIN) 127614
852 ## - LOCALIZACIÓN
Ubicación ES-MaACL
Número de control de estantería F-11146
Nota libre -- Enc. pasta española
Holdings
Estatus retirado Estado de pérdida Estado de daño No para préstamo Biblioteca de origen Biblioteca actual Ubicación en estantería Fecha de adquisición Fuente de adquisición Total de préstamos Signatura topográfica completa Código de barras Visto por última vez Precio de reemplazo Tipo de ítem Koha
        Biblioteca del Ateneo de Madrid Biblioteca del Ateneo de Madrid Sala Pecera Planta 2 17/01/2008     F-11146 1174301 23/02/2023 23/02/2023 Libro impreso